All Breathing Forms Demon Slayer: Kimetsu No Yaiba - Statistics

General Stats
  • This quiz has been taken 673 times
  • The average score is 20 of 127
Answer Stats
Form and Form Number Form Name % Correct
Water Breathing Second Form Water Wheel
77%
Water Breathing Eleventh Form Dead Calm
69%
Thunder Breathing First Form Thunderclap and Flash
65%
Flame Breathing Ninth Form Rengoku
55%
Water Breathing First Form Water Surface Slash
51%
Water Breathing Eighth Form Waterfall Basin
48%
Water Breathing Tenth Form Constant Flux
46%
Water Breathing Fourth Form Striking Tide
43%
Sun Breathing First Form Dance
39%
Water Breathing Sixth Form Whirlpool
36%
Water Breathing Third Form Flowing Dance
35%
Thunder Breathing First Form Improved Thunderclap and Flash Sixfold
34%
Water Breathing Fifth Form Blessed Rain After The Drought
32%
Flame Breathing Fifth Form Flame Tiger
32%
Thunder Breathing First Form Improved Thunderclap and Flash Godspeed
31%
Sun Breathing Second Form Clear Blue Sky
30%
Flame Breathing Second Form Rising Scorching Sun
30%
Water Breathing Second Form Improved Lateral Water Wheel
29%
Thunder Breathing First Form Improved Thunderclap and Flash Eightfold
29%
Flame Breathing First Form Unknowing Fire
29%
Flame Breathing Third Form Blazing Universe
28%
Thunder Breathing Seventh Form Honoikazuchi no Kami
28%
Sun Breathing Eleventh Form Fake Rainbow
27%
Water Breathing Seventh Form Drop Ripple Thrust
25%
Thunder Breathing Second Form Rice Spirit
25%
Beast Breathing Second Fang Slice
23%
Sun Breathing Fourth Form Burning Bones Summer Sun
22%
Sun Breathing Tenth Form Fire Wheel
22%
Flame Breathing Fourth Form Blooming Flame Undulation
21%
Sound Breathing First Form Roar
21%
Water Breathing Ninth Form Game Exclusive Form Splashing Water Flow
21%
Beast Breathing Fifth Fang Crazy Cutting
19%
Beast Breathing Third Fang Devour
19%
Sun Breathing Eighth Form Sunflower Thrust
19%
Thunder Breathing Fourth Form Distant Thunder
18%
Beast Breathing First Fang Pierce
18%
Thunder Breathing Sixth Form Rumble and Flash
18%
Love Breathing First Form Shivers of First Love
18%
Beast Breathing Seventh Fang Spatial Awareness
18%
Sound Breathing Fifth Form String Performance
18%
Thunder Breathing Fifth Form Heat Lightning
17%
Beast Breathing Fourth Fang Slice n' Dice
17%
Stone Breathing Third Form Stone Skin
17%
Mist Breathing Second Form Eight-Layered Mist
16%
Sun Breathing Twelfth Form Flame Dance
16%
Thunder Breathing Third Form Thunder Swarm
16%
Mist Breathing Seventh Form Obscuring Clouds
15%
Sun Breathing Third Form Raging Sun
15%
Water Breathing Ninth Form Splashing Water Flow Turbulent
15%
Sound Breathing Fourth Form Constant Resounding Slashes
13%
Wind Breathing Ninth Form Idaten Typhoon
13%
Beast Breathing Sixth Fang Palisade Bite
13%
Wind Breathing Fourth Form Rising Dust Storm
13%
Water Breathing Fourth Form Improved Striking Tide Turbulent
13%
Sun Breathing Final Form Thirteenth Form
13%
Love Breathing Third Form Catlove Shower
12%
Serpent Breathing Third Form Coil Choke
12%
Water Breathing Seventh Form Improved Drop Ripple Thrust Curve
12%
Stone Breathing Fifth Form Arcs of Justice
11%
Insect Breathing First Dance Butterfly Dance: Caprice
11%
Beast Breathing Eighth Fang Explosive Rush
11%
Love Breathing Second Form Love Pangs
11%
Mist Breathing First Form Low Clouds, Distant Haze
11%
Serpent Breathing Fifth Form Slithering Serpent
11%
Sun Breathing Sixth Form Solar Heat Haze
11%
Thunder Breathing First Form Game Exclusive Form Thunderclap and Flash Prime
11%
Wind Breathing Sixth Form Black Wind Mountain Mist
10%
Beast Breathing Game Exclusive Form Boar Rush
10%
Wind Breathing Second Form Claws-Purifying Wind
10%
Wind Breathing First Form Dust Whirlwind Cutter
10%
Mist Breathing Fifth Form Sea of Clouds and Haze
10%
Serpent Breathing Fourth Form Twin-Headed Reptile
10%
Stone Breathing Second Form Upper Smash
10%
Thunder Breathing Game Exclusive Form Air Spin
9%
Wind Breathing Fifth Form Cold Mountain Wind
9%
Flower Breathing Fourth Form Crimson Hanagoromo
9%
Sun Breathing First Form Improved Dancing Flash
9%
Wind Breathing Seventh Form Gale Sudden Gusts
9%
Mist Breathing Sixth Form Lunar Dispersing Mist
9%
Stone Breathing First Form Serpentinite Bipolar
9%
Sun Breathing Fifth Form Setting Sun Transformation
9%
Mist Breathing Fourth Form Shifting Flow Slash
9%
Water Breathing Sixth Form Improved Whirlpool Flow
9%
Love Breathing Sixth Form Cat-Legged Winds of Love
8%
Water Breathing Eleventh Form Game Exclusive Form Dead Calm Tidal Waves
8%
Water Breathing Third Form Game Exclusive Form Flowing Dance Shadows of Dawn
8%
Flower Breathing Fifth Form Peonies of Futility
8%
Wind Breathing Eighth Form Primary Gale Slash
8%
Mist Breathing Third Form Scattering Mist Splash
8%
Stone Breathing Fourth Form Volcanic Rock Rapid Conquest
8%
Water Breathing Eighth Form Game Exclusive Form Waterfall Basin Destruction
8%
Flower Breathing Sixth Form Whirling Peach
8%
Sun Breathing Seventh Form Beneficent Radiance
7%
Wind Breathing Third Form Clean Storm Wind Tree
7%
Moon Breathing First Form Dark Moon Evening Palace
7%
Sun Breathing Ninth Form Dragon Sun Halo Head Dance
7%
Flower Breathing Final Form Equinoctial Vermilion Eye
7%
Beast Breathing Ninth Fang Extending Bendy Slash
7%
Flower Breathing Second Form Honorable Shadow Plum
7%
Love Breathing Fifth Form Swaying Love Wildclaw
7%
Beast Breathing Tenth Fang Whirling Fangs
7%
Serpent Breathing First Form Winding Serpent Slash
7%
Insect Breathing Fourth Dance Dance of the Centipede: Hundred-Legged Zigzag
6%
Water Breathing Ninth Form Game Exclusive Form Splashing Water Flow Flash
6%
Beast Breathing Eleventh Fang Sudden Throwing Strike
6%
Beast Breathing Third Fang Game Exclusive Form Devour Rush
5%
Moon Breathing Third Form Loathsome Moon Chains
5%
Moon Breathing Eighth Form Moon-Dragon Ringtail
5%
Water Breathing Ninth Form Game Exclusive Form Splashing Water Flow Turbulent Effervescence
5%
Sun Breathing Game Exclusive Form Cross Slash
4%
Insect Breathing Second Dance Dance of the Bee Sting: True Flutter
4%
Insect Breathing Third Dance Dance of the Dragonfly: Compound Eye Hexagon
4%
Moon Breathing Seventh Form Mirror of Misfortune Moonlit
4%
Moon Breathing Second Form Pearl Flower Moongazing
4%
Moon Breathing Fourteenth Form Catastrophe Tenman Crescent Moon
3%
Moon Breathing Tenth Form Drilling Slashes Moon Through Bamboo Leaves
3%
Moon Breathing Sixteenth Form Moonbow Half Moon
3%
Moon Breathing Sixth Form Perpetual Night Lonely Moon
3%
Sun Breathing Game Exclusive Form Phoenix Flash
3%
Sun Breathing Game Exclusive Form Scorching Rush
3%
Insect Breathing Game Exclusive Form Sixfold Thrust
3%
Moon Breathing Ninth Form Waning Moonswaths
3%
Insect Breathing First Dance Game Exclusive Form Butterfly Dance: Caprice Illusory Light
2%
Insect Breathing Game Exclusive Form Rising Thrust
2%
Insect Breathing Game Exclusive Form Swift Thrust
2%
Moon Breathing Fifth Form Moon Sprit Calamitous Eddy
1%
Serpent Breathing Second Form Venom Fang of the Narrow Head
1%
No matching quizzes found
Score Distribution
Percent of People with Each Score
Percentile by Number Answered
Your Score History
You have not taken this quiz